000 00522nam a22001691c 4500
001 a987676423
008 160511s2006 gw |||| 000u ger d
041 _ager
245 0 0 _aDamals in der DDR - Zeitzeugen erzählen ihre Geschichte :
_bElektronische Ressource
264 _aBonn :
_bBundeszentrale für politische Bildung,
_c2006
300 _a1 DVD-ROM
500 _aNicht frei zugänglich, Zugang nur im DHI-Lesesaal.
651 0 _aDeutschland (DDR)
942 _cMG
040 _cRU-10907106
003 RU-10907106
999 _c34342
_d34342